000 00636nam a2200253Ia 4500
003 OSt
005 20221007111601.0
006 a|||||r|||| 00| 0
007 ta
008 221006b |||||||| |||| 00| 0 eng d
024 _a23,865
037 _cTextual
040 _aLCO
_cLCO
_beng
041 _2eng
_aeng
082 _aX724:(Z), L9
100 _aRai Kailash
245 0 _aLaw of Income Tax in India
250 _a2nd
260 _aAllahabad
_bAllahabad Law Agency India
_c1979
300 _a396+vii
650 _aINCOME TAX
942 _hX724:(Z), L9
_cTEXL
999 _c1193428
_d1193428